| 000 | 00398nam a22001577a 4500 | ||
|---|---|---|---|
| 003 | OSt | ||
| 005 | 20240311113620.0 | ||
| 008 | 171026b xxu||||| |||| 00| 0 eng d | ||
| 020 | _a9789352991334 | ||
| 040 | _cSEROSOFT | ||
| 100 | _aDEASAI | ||
| 245 | _aTHE DYNAMICS OF ENTREPRENEURSHIP DEVELOPMENT AND MANAGEMENT | ||
| 260 |
_aNEW DELHI _bHIMALYA _c08/01/2011 |
||
| 300 | _a780 | ||
| 942 |
_2ddc _c02 |
||
| 999 |
_c40778 _d40778 |
||